000 00442cam a2200145 4500
008 130422n 000 0 eng u
035 _a(Sirsi) a178762
100 _aBhatt, R.D.
050 _aQA 276.12 BHA 1986
245 _aMathematics and statistics Part II (Calculus)/
_cR.D. Bhatt and A.V. deshpands
260 _aBombay:
_bVipul Prakashan,
_c1986
300 _a362p.
700 _aDeshpande, A.V.
650 _aMathematical statistics
999 _c118171
_d118171